English - Russian dictionary
Đã lưu trong:
| Formáid: | Leabhar |
|---|---|
| Teanga: | Undetermined |
| Foilsithe: |
Moscow
Russky Yazyk
1986
|
| Ábhair: | |
| Clibeanna: |
Cuir Clib Leis
Gan Chlibeanna, Bí ar an gcéad duine leis an taifead seo a chlibeáil!
|
| Thư viện lưu trữ: | Trung tâm Học liệu Trường Đại học Cần Thơ |
|---|
| LEADER | 00559nam a2200181Ia 4500 | ||
|---|---|---|---|
| 001 | CTU_153688 | ||
| 008 | 210402s9999 xx 000 0 und d | ||
| 020 | |c 25000 | ||
| 082 | |a 423 | ||
| 082 | |b E58 | ||
| 245 | 0 | |a English - Russian dictionary | |
| 260 | |a Moscow | ||
| 260 | |b Russky Yazyk | ||
| 260 | |c 1986 | ||
| 650 | |a English language,russian language,Ngôn ngữ Anh,Ngôn ngữ Nga | ||
| 650 | |x Dictionaries,Dictionaries,Từ điển,Từ điển | ||
| 904 | |i Trọng Hải | ||
| 980 | |a Trung tâm Học liệu Trường Đại học Cần Thơ | ||